00606nam a2200157 i 4500001000700000003000900007005001700016008004100033245012200074260008500196300002200281650003200303700002800335710006400363852002100427187962ES-MaACL20230906223053.0180402s1934 sp |||| | cat d00aConferències sobre varietats comarcals del dret civil català / cper Oriol Anguera de Sojo i Dodero ... [et al.]. aBarcelona : bAcadèmia de Jurisprudència i Legislació de Catalunya,c1934. a349 p. ; c26 cm. 4aDerecho civil-zCataluña.1 aAnguera de Sojo, Oriol.2 aAcadèmia de Jurisprudència i Legislació de Catalunya. aES-MaACLjA-2930